El lenguaje de la informática e Internet y su traducción
Guardat en:
| Autor principal: | |
|---|---|
| Format: | Llibre |
| Idioma: | espanyol |
| Publicat: |
Alicante
Universidad de Alicante
2003
|
| Matèries: | |
| Etiquetes: |
Afegir etiqueta
Sense etiquetes, Sigues el primer a etiquetar aquest registre!
|
MARC
| LEADER | 00000nam a2200000 a 4500 | ||
|---|---|---|---|
| 001 | UCL8720 | ||
| 003 | CL-VaPUC | ||
| 008 | 040702e20030000SP |||||||||||||||||spa|d | ||
| 020 | |a 8479087048 | ||
| 082 | 0 | 4 | |a 410.285 |b BEL |2 21 |
| 100 | 0 | |a Belda Medina, José R |e author |9 486687 | |
| 245 | 1 | 3 | |a El lenguaje de la informática e Internet y su traducción |
| 300 | |a 328 p | ||
| 942 | |c BK | ||
| 945 | |d 20040702 00:00:00 |a cmena | ||
| 260 | |a Alicante |b Universidad de Alicante |c 2003 | ||
| 650 | 7 | |a LINGUISTICA COMPUTACIONAL |2 CL-VaPUC |9 486688 | |
| 650 | 0 | |a Análisis del discurso |9 256696 | |
| 650 | 0 | |a Investigación lingüística |9 329785 | |
| 650 | 0 | |a Traducción e interpretación |9 315998 | |
| 650 | 0 | |a Internet |9 254823 | |
| 583 | |a last modification |c 20040702 00:00:00 |k Rodrigo Vera | ||
| 999 | |c 309891 |d 309889 | ||
| 952 | |0 0 |1 0 |4 0 |6 410_285000000000000_BEL_2003 |7 0 |8 A |9 377739 |a FDOPOS |b FDOPOS |d 2019-11-21 |i 4033930 |o 410.285 BEL 2003 |p 4033930 |r 2025-01-22 |w 2019-11-21 |y BK |k MLA | ||